载入...
LEADER 00903cam a2200193 i 4500
999 |c 120059  |d 120059 
020 |a 9780415506755 (pbk. : alk. paper) 
082 0 0 |a 801.95  |b Q5 
100 1 |a Tyson, Lois  |9 58091 
245 1 0 |a Critical theory today :  |b a user-friendly guide /  |c Lois Tyson. 
250 |a 3rd ed. 
260 |a London:  |b Routledge,  |c 2015. 
300 |a xv, 470 p. 
504 |a Includes bibliographical references and index. 
650 0 |a Criticism.  |9 58157 
650 0 |a Literature-History and criticism.  |9 58158 
856 |u https://books.google.co.in/books?id=HBLEBAAAQBAJ&printsec=frontcover&dq=Critical+theory+today&hl=en&sa=X&redir_esc=y#v=onepage&q=Critical%20theory%20today&f=false 
942 |c BK 
952 |0 0  |1 0  |4 0  |6 801_950000000000000_Q5  |7 0  |9 116808  |a MGUL  |b MGUL  |c GEN  |d 2016-12-02  |e Calicut Book Distributors Invoice No 10222 dated 26.02.2016  |g 3328.69  |l 8  |m 4  |o 801.95 Q5  |p 56185  |r 2020-02-07  |s 2019-12-19  |y BK